000 nam a22 7a 4500
999 _c10242
_d10242
008 180213b ||||| |||| 00| 0 eng d
100 _aSingh,S.
_96233
245 _aLibrary Management & Technology
260 _aNew delhi
_bYogi
_c2008